| Поле | Инд. | ПП | Название | Значение |
|---|---|---|---|---|
| Тип записи | a | |||
| Библиографический уровень | m | |||
| 001 | Контрольный номер | b652cf5381044691b6ee4be4d0f77d91 | ||
| 005 | Дата корректировки | 20250717160519.2 | ||
| 020 | a | ISBN | 978-5-17-154926-8 | |
| c | Цена, тираж | 842-00 | ||
| 084 | a | Индекс другой классификации/Индекс ББК | 84(2=411.2)6 | |
| 090 | a | Полочн. индекс | 84(2=411.2)6 | |
| c | Каталожный индекс | 84(2=411.2)6 | ||
| x | Авторский знак | Д 99 | ||
| 091 | i | Возрастная адресация (DOS) | 6+ | |
| 097 | b | Оператор | Кондратьева | |
| 100 | 1_ | a | Автор | Дядина Г. |
| q | Полное имя | Дядина Галина | ||
| 245 | 10 | a | Заглавие | Хулиганские стихи / Г. Дядина. Неправильные сказки / А. Усачёв |
| b | Продолж. заглавия | [6+] | ||
| c | Ответственность | художники: Е. Антоненков, С. Гаврилов | ||
| 260 | a | Место издания | Москва | |
| b | Издательство | АСТ : Малыш | ||
| c | Дата издания | 2025 | ||
| 300 | a | Объем | 96 с. | |
| b | Иллюстрации/ тип воспроизводства | ил. | ||
| 440 | _0 | a | Серия | Новые детские книжки |
| 500 | a | Примечание | Книга-перевертыш | |
| 700 | 12 | a | Другие авторы | Усачёв А. |
| 900 | a | Имя макрообъекта | о15708541 | |
| 901 | t | Тип документа | m |